000 00370nam a2200133Ia 4500
008 210210b2000 xxu||||| |||| 00| 0 eng d
082 _a398.2K SHRJ
100 _aSHRIKANTA KOODIGE.
245 _aJanapadada vivida mukhagalu.
260 _aBengaluru
_bKarnataka Janapada mattu Yakshagana Akademi.,
_c2000
300 _axxiv,272
690 _aFolklore
906 _aSG04183
999 _c115191
_d115191